Geology98/99 (Record no. 3027)

MARC details
000 -LEADER
fixed length control field 00463nam a22001697a 4500
003 - CONTROL NUMBER IDENTIFIER
control field URS
005 - DATE AND TIME OF LATEST TRANSACTION
control field 20220114142345.0
008 - FIXED-LENGTH DATA ELEMENTS--GENERAL INFORMATION
fixed length control field 190710s1998 a|||| |||| 00| 0 eng d
020 ## - INTERNATIONAL STANDARD BOOK NUMBER
International Standard Book Number 0697392996
040 ## - CATALOGING SOURCE
Transcribing agency URS
Language of cataloging eng
Modifying agency rda
050 10 - LIBRARY OF CONGRESS CALL NUMBER
Classification number QE 26
Item number .G3457 1998
100 ## - MAIN ENTRY--PERSONAL NAME
Personal name Sherman,Douglas B.
245 10 - TITLE STATEMENT
Title Geology98/99
Statement of responsibility, etc. Douglas B. Sherman
260 ## - PUBLICATION, DISTRIBUTION, ETC.
Place of publication, distribution, etc. Connecticut:
Name of publisher, distributor, etc. Duchkin/McGraw-Hill
Date of publication, distribution, etc. [1998]
300 ## - PHYSICAL DESCRIPTION
Extent 246 pages
Other physical details with Illustrations
Dimensions 29 cm
942 ## - ADDED ENTRY ELEMENTS (KOHA)
Source of classification or shelving scheme Library of Congress Classification
Koha item type Foreign Books
Holdings
Withdrawn status Source of classification or shelving scheme Damaged status Not for loan Collection code Home library Current library Shelving location Date acquired Total Checkouts Full call number Barcode Date last seen Price effective from Koha item type
  Library of Congress Classification     Non-fiction Cainta College Library Cainta College Library On Display 12/06/2017   QE 26.G3457 1998 URSCAI-130 12/06/2017 12/06/2017 Foreign Books

University of Rizal System
Email us at univlibservices@urs.edu.ph

Visit our Website www.urs.edu.ph/library